[Event "Canberra Sunday Summer"]
[Site "Canberra"]
[Date "2021.02.07"]
[Round "5"]
[White "Karthik, Shriya"]
[Black "Tisserand, Nathalie"]
[Result "1/2-1/2"]
[WhiteElo "1213"]
[BlackElo "1632"]
[PlyCount "132"]
[EventDate "2021.01.10"]
[EventType "swiss"]
[EventRounds "7"]
[EventCountry "AUS"]
[SourceTitle "EXT 2022"]
[Source "ChessBase"]
[SourceDate "2021.10.06"]
[SourceVersion "1"]
[SourceVersionDate "2021.10.06"]
[SourceQuality "1"]

1. Nf3 d5 2. c4 c6 3. e3 Nf6 4. d4 e6 5. Nbd2 Bd6 6. Be2 Nbd7 7. 0-0 0-0 8. b3 e5 9. dxe5 Nxe5 10. Bb2 Re8 11. Re1 Bf5 12. Nh4 Be6 13. Qc2 g6 14. Bd3 Nxd3 15. Qxd3 Ng4 16. Nhf3 Bf5 17. Qd4 Ne5 18. e4 dxe4 19. Nxe4 Nxf3+ 20. gxf3 Be5 21. Nf6+ Qxf6 22. Rxe5 Qxe5 23. Qxe5 Rxe5 24. Bxe5 Rd8 25. Re1 Kf8 26. a3 Bh3 27. f4 f5 28. b4 Kf7 29. Bc3 Rd3 30. Re3 Rd1+ 31. Re1 Rxe1+ 32. Bxe1 Bg4 33. a4 Be2 34. c5 Bd1 35. a5 Bf3 36. Bd2 Ke6 37. h4 Kd5 38. Kh2 Kc4 39. Kg3 Bd1 40. Kg2 Kd3 41. Be1 Ke2 42. Bc3 Bb3 43. Kg3 Bd5 44. Bb2 Kd2 45. Bd4 Kd3 46. Be3 Kc4 47. Bd2 Kb5 48. Be1 b6 49. axb6 axb6 50. cxb6 Kxb6 51. Bd2 Kc7 52. Bc3 Kd7 53. Bb2 Ke6 54. Bc3 Be4 55. Bb2 Kf7 56. Bc3 h5 57. Bb2 Ke6 58. Bc3 Kd5 59. Bd2 Kc4 60. Be1 Kd3 61. f3 Bd5 62. Bf2 Ke2 63. Bc5 Bxf3 64. Be7 Bd5 65. Bc5 Kd3 66. Be7 Be4 1/2-1/2